Mathematics Term XII (Record no. 4466)
[ view plain ]
| 000 -LEADER | |
|---|---|
| fixed length control field | 00224nam a22000857a 4500 |
| 008 - FIXED-LENGTH DATA ELEMENTS--GENERAL INFORMATION | |
| fixed length control field | 161202b xxu||||| |||| 00| 0 eng d |
| 020 ## - INTERNATIONAL STANDARD BOOK NUMBER | |
| International Standard Book Number | 97889121916899 |
| 100 ## - MAIN ENTRY--PERSONAL NAME | |
| 9 (RLIN) | 1757 |
| Personal name | Aggarwal.R.S.etal |
| 245 ## - TITLE STATEMENT | |
| Title | Mathematics Term XII |
| 260 ## - PUBLICATION, DISTRIBUTION, ETC. (IMPRINT) | |
| Place of publication, distribution, etc. | NEW DELHI |
| Name of publisher, distributor, etc. | S.CHAND |
| Date of publication, distribution, etc. | 2011 |
| Withdrawn status | Lost status | Source of classification or shelving scheme | Damaged status | Koha normalized classification for sorting | Not for loan | Home library | Current library | Shelving location | Date acquired | Total Checkouts | Full call number | Barcode | Date last seen | Date last checked out | Price effective from | Koha item type |
|---|---|---|---|---|---|---|---|---|---|---|---|---|---|---|---|---|
| Dewey Decimal Classification | 510_000000000000000 | Good Samaritan School Library | Good Samaritan School Library | Mathematics | 12/02/2016 | 2 | 510 | AGG9315 | 04/23/2019 | 04/05/2019 | 12/02/2016 | BOOK | ||||
| Dewey Decimal Classification | AGG_510_000000000000000_B10 | Good Samaritan School Library | Good Samaritan School Library | Mathematics | 12/02/2016 | AGG510 B-10 | AGG9316 | 12/02/2016 | 12/02/2016 | BOOK |